| 000 | 00567nam a2200193 i 4500 | ||
|---|---|---|---|
| 001 | 76497 | ||
| 003 | ES-MaACL | ||
| 005 | 20250820122104.0 | ||
| 007 | t| | ||
| 008 | 041001s1905 sp ||||1| cat d | ||
| 100 | 1 |
_aGuimerá, Ángel, _d1845-1924 _960844 |
|
| 245 | 1 | 0 |
_aPoesías / _cde Angel Guimerá ; ab un prolech de Joseph Yxart. |
| 250 | _a2ª ed. | ||
| 260 |
_aBarcelona : _b[s.n., _c1905] ( _fJoseph Ortega) |
||
| 300 |
_a333 p. ; _c19 cm. |
||
| 700 | 1 |
_aYxart, Josep, _d1852-1895 _9139230 |
|
| 852 |
_aES-MaACL _jD-638 |
||
| 999 |
_c76497 _d76497 |
||